书目信息 |
| 题名: |
线性代数
|
|
| 作者: | 居余马 编著 | |
| 分册: | ||
| 出版信息: | 北京 清华大学出版社 2002.09 |
|
| 页数: | 392页 | |
| 开本: | 20cm | |
| 丛书名: | ||
| 单 册: | ||
| 中图分类: | O151.1 | |
| 科图分类: | ||
| 主题词: | 代数 , 数论 , 组合数学 | |
| 电子资源: | ||
| ISBN: | 7-302-05534-3 | |
| 000 | 00563nam0 2200217 45 | |
| 001 | 0435273057 | |
| 005 | 2004042909475216 | |
| 010 | @a7-302-05534-3@dCNY 16.00 | |
| 100 | @a20040429d2002 km y0chiy0120 ea | |
| 101 | 0 | @achi |
| 102 | @aCN@b110000 | |
| 200 | 1 | @a线性代数@AXian Xing Dai Shu@f居余马编著@FJu Yu Ma Bian Zhu |
| 210 | @a北京@c清华大学出版社@d2002.09 | |
| 215 | @a392页@d20cm | |
| 606 | 0 | @a代数 |
| 606 | 0 | @a数论 |
| 606 | 0 | @a组合数学 |
| 690 | @aO151.1@v3 | |
| 701 | 0 | @a居余马@AJu Yu Ma@4编著 |
| 801 | 0 | @aCN@bPFT@c20040429 |
| 905 | @dO151.1@eJ929 | |
| 线性代数/居余马编著.-北京:清华大学出版社,2002.09 |
| 392页;20cm |
| ISBN 7-302-05534-3:CNY 16.00 |
| ● |
| 相关链接 |
|
|
|
正题名:线性代数
索取号:O151.1/J929
 
预约/预借
| 序号 | 登录号 | 条形码 | 馆藏地/架位号 | 状态 | 备注 |
| 1 | 381020 | 203810206 | 自科库401/401自科库 41排1列4层/ [索取号:O151.1/J929] | 在馆 | |
| 2 | 381021 | 203810215 | 自科库401/ [索取号:O151.1/J929] | 在馆 | |
| 3 | 381022 | 203810224 | 自科库401/401自科库 41排1列4层/ [索取号:O151.1/J929] | 在馆 |